| 000 | 00000nam##2200000za#4500 |
| 001 | 9.695189 |
| 003 | CaOODSP |
| 005 | 20220125145842 |
| 007 | cr ||||||||||| |
| 008 | 150407|2005||||xxc|||||o f|0| 0 eng|d |
| 040 | |aCaOODSP|beng |
| 043 | |an-cn--- |
| 086 | 1 |aD2-172/2005E-PDF |
| 110 | 1 |aCanada. |bDepartment of National Defence. |
| 245 | 10|aCrisis in Zefra / |h[electronic resource]|c[by] Karl Schroeder; Directorate of Land Strategic Concepts. |
| 260 | |aKingston - Ontario : |bNational Defence |c2005. |
| 300 | |a170p.|bglossary, illus., index |
| 500 | |aThe catalogue number (D2-172/2005E) and ISBN (0-662-40643-5) for the print edition have been incorrectly copied in this PDF version. |
| 504 | |aBibliography. |
| 590 | |a12-30-Supp|b2012-06-28 |
| 720 | 1 |aSchroeder, Karl |
| 775 | 08|tCrise à Zefra / |w(CaOODSP)9.639334 |
| 856 | 40|ahttp://publications.gc.ca|qPDF|s2682 KB|uhttps://publications.gc.ca/collections/collection_2011/dn-nd/D2-172-2005-eng.pdf |
| 986 | |aNDID: B-GL-007-000/AF-001 |